Fußballweltmeister - Sudden Death - Statistiken

Allgemein
  • Dieses Quiz wurde 597 mal gespielt
  • Das Durchschnittsergebnis liegt bei 7 aus 8
Answers on the Grid
Answers color-coded by a green-red scale on the quiz's grid according to % correct below.
Brasilien
Deutschland
Italien
Argentinien
Frankreich
Uruguay
Spanien
England
Portugal
Niederlande
Belgien
Russland/Sowjetunion
Vereinigte Staaten
Chile
Mexiko
Türkei
Ungarn
Griechenland
Österreich
Südkorea
 
Antwortstatistiken
Antwort % Korrekt
Deutschland
89%
Brasilien
86%
Italien
85%
Argentinien
84%
Frankreich
84%
Spanien
84%
Uruguay
77%
England
76%
Keine übereinstimmenden Quizze gefunden
Verteilung der Resultate
Anzahl Personen mit jedem Resultat
Perzentil nach korrekt beantworteten Fragen
Ihre Resultats-Entwicklung
Sie haben dieses Quiz noch nicht gespielt